Iniciación cristiana

محفوظ في:
التفاصيل البيبلوغرافية
المؤلف الرئيسي: Gondal, Marie-Louise (مؤلف)
التنسيق: كتاب
اللغة:الإسبانية
منشور في: Bilbao Mensajero 1990
سلاسل:Biblioteca de formación cristiana
الموضوعات:
الوسوم: إضافة وسم
لا توجد وسوم, كن أول من يضع وسما على هذه التسجيلة!

MARC

LEADER 00000nam a2200000 a 4500
001 UCX6478
003 CL-VaPUC
008 930618e19900000SP |||||||||||||||||spa|d
082 0 4 |a 248.4  |b GON  |2 21 
100 0 |a Gondal, Marie-Louise  |e author  |9 322963 
245 1 0 |a Iniciación cristiana 
300 |a 133 p 
942 |c BK 
945 |d 19930618 00:00:00 
260 |a Bilbao  |b Mensajero  |c 1990 
650 7 |a SACRAMENTOS LITURGIA  |2 CL-VaPUC  |9 314486 
650 0 |a Catequesis  |9 314526 
650 0 |a Vida cristiana  |9 258753 
583 |a last modification  |c 19930618 00:00:00  |k Rodrigo Vera 
490 0 |a Biblioteca de formación cristiana 
999 |c 226488  |d 226486 
952 |0 0  |1 0  |4 0  |6 248_400000000000000_GON_1990  |7 0  |8 A  |9 224879  |a BIBTEO  |b BIBTEO  |d 2019-11-15  |i 293602K  |o 248.4 GON 1990  |p 293602K  |r 2025-01-17  |w 2019-11-15  |y BK  |k ICR